[Event "Skopje op-B"]
[Site "Skopje"]
[Date "2024.12.17"]
[Round "9"]
[White "Panevski, Darko"]
[Black "Spasovski, Lazo"]
[Result "0-1"]
[WhiteElo "1655"]
[BlackElo "1812"]
[PlyCount "82"]
[EventDate "2024.12.11"]
[EventType "swiss"]
[EventRounds "9"]
[EventCountry "MKD"]
[SourceTitle "CB52_2024"]
[SourceDate "2024.12.25"]
[SourceVersion "1"]
[SourceVersionDate "2024.12.25"]
[SourceQuality "1"]

1. e4 e5 2. Bc4 Nc6 3. Qf3 Qf6 4. c3 Bc5 5. a4 a6 6. Na3 d6 7. b4 Ba7 8. b5 Na5 9. Ba2 Bc5 10. Nc2 axb5 11. d4 exd4 12. cxd4 Bb6 13. axb5 Bd7 14. Rb1 Be6 15. d5 Bd7 16. Bb2 Qg6 17. Bd4 Bxd4 18. Nxd4 Nf6 19. Nf5 Bxf5 20. exf5 Qg4 21. h3 Qe4+ 22. Qxe4+ Nxe4 23. Ne2 Kd7 24. 0-0 Nd2 25. Nd4 Nxf1 26. Kxf1 Rhe8 27. b6 c6 28. dxc6+ Nxc6 29. Nxc6 bxc6 30. Bxf7 Re5 31. Be6+ Rxe6 32. fxe6+ Kxe6 33. b7 Rb8 34. Rb3 Kd7 35. Rg3 g6 36. Rf3 Rxb7 37. g4 c5 38. h4 c4 39. Rc3 d5 40. f4 Rb3 41. Rc1 Rf3+ 0-1

[Event "Skopje op-B"]
[Site "Skopje"]
[Date "2024.12.14"]
[Round "4"]
[White "Spasovski, Lazo"]
[Black "Abdurahman, Ahmet Selim"]
[Result "1-0"]
[WhiteElo "1812"]
[BlackElo "1571"]
[PlyCount "121"]
[EventDate "2024.12.11"]
[EventType "swiss"]
[EventRounds "9"]
[EventCountry "MKD"]
[SourceTitle "CB52_2024"]
[SourceDate "2024.12.25"]
[SourceVersion "1"]
[SourceVersionDate "2024.12.25"]
[SourceQuality "1"]

1. e4 c5 2. Nf3 Nc6 3. d4 cxd4 4. Nxd4 Nf6 5. Nc3 d6 6. Be2 e5 7. Nb3 Be6 8. Be3 a6 9. 0-0 d5 10. Nxd5 Nxd5 11. exd5 Qxd5 12. Qxd5 Bxd5 13. Rad1 0-0-0 14. Bb6 Rd7 15. Bg4 Be6 16. Bxe6 fxe6 17. Rxd7 Kxd7 18. Rd1+ Kc8 19. Na5 Be7 20. Nxc6 bxc6 21. f3 Bd8 22. Bxd8 Rxd8 23. Rxd8+ Kxd8 24. Kf2 Kc7 25. Ke3 Kd6 26. Ke4 g5 27. g4 c5 28. c4 a5 29. a4 h6 30. b3 Kd7 31. Kxe5 Ke7 32. h3 Kf7 33. Kd6 Kf6 34. Kxc5 e5 35. Kd5 Ke7 36. Kxe5 Kd7 37. Kd5 Kc7 38. c5 Kd7 39. c6+ Kc7 40. Kc5 Kc8 41. Kb6 Kb8 42. Kxa5 Kc7 43. Kb5 Kc8 44. Kb6 Kb8 45. a5 Kc8 46. c7 Kd7 47. Kb7 Kd6 48. c8Q Ke5 49. Qf5+ Kd4 50. a6 Ke3 51. a7 Kf2 52. f4 Kg3 53. fxg5 hxg5 54. Qxg5 Kh2 55. h4 Kh3 56. h5 Kg3 57. a8Q Kh3 58. Qa7 Kg3 59. Qae3+ Kg2 60. Qd5+ Kf1 61. Qh1# 1-0

[Event "FRM-ch op"]
[Site "Skopje"]
[Date "2024.05.16"]
[Round "7"]
[White "Spasovski, Lazo"]
[Black "Nikolovski, David"]
[Result "0-1"]
[WhiteElo "1770"]
[BlackElo "1914"]
[PlyCount "78"]
[EventDate "2024.05.11"]
[EventType "swiss"]
[EventRounds "9"]
[EventCountry "MKD"]
[SourceTitle "CBM 220 Extra"]
[Source "ChessBase"]
[SourceDate "2024.07.31"]
[SourceVersion "1"]
[SourceVersionDate "2024.07.31"]
[SourceQuality "1"]

1. e4 c5 2. Nf3 d6 3. d4 cxd4 4. Nxd4 Nf6 5. Nc3 a6 6. Be2 e5 7. Nb3 Be7 8. 0-0 0-0 9. f4 Nbd7 10. f5 b5 11. a3 Bb7 12. Bf3 Rc8 13. Be3 Nb6 14. Nd2 d5 15. exd5 Nbxd5 16. Nxd5 Nxd5 17. Bf2 Qc7 18. Rc1 Rfd8 19. c4 Nf4 20. cxb5 Qxc1 21. Qxc1 Rxc1 22. Rxc1 Bxf3 23. Rc7 Rxd2 24. Rxe7 Rd1+ 25. Be1 Kf8 26. Rxe5 Be2 27. Kf2 Nd3+ 28. Kxe2 Rxe1+ 29. Kxd3 Rxe5 30. bxa6 Ra5 31. Kc4 Ke7 32. Kb4 Rxa6 33. a4 Rb6+ 34. Ka3 Kd6 35. b4 Kc6 36. Kb3 Rb8 37. Kc4 Re8 38. Kd3 Ra8 39. a5 Kb5 0-1

[Event "Skopje op-B"]
[Site "Skopje"]
[Date "2023.12.08"]
[Round "4"]
[White "Achkoski, Petar"]
[Black "Spasovski, Lazo"]
[Result "0-1"]
[WhiteElo "1232"]
[BlackElo "1681"]
[PlyCount "64"]
[EventDate "2023.12.06"]
[EventType "swiss"]
[EventRounds "9"]
[EventCountry "MKD"]
[SourceTitle "CBM 217 Extra"]
[Source "ChessBase"]
[SourceDate "2024.01.31"]
[SourceVersion "1"]
[SourceVersionDate "2024.01.31"]
[SourceQuality "1"]

1. e4 e6 2. d4 d5 3. exd5 exd5 4. c4 Be6 5. cxd5 Qxd5 6. Nc3 Bb4 7. a3 Bxc3+ 8. bxc3 c5 9. Nf3 Nc6 10. Be3 cxd4 11. Nxd4 Nge7 12. c4 Qa5+ 13. Bd2 Qe5+ 14. Be3 0-0-0 15. Qe2 Nxd4 16. Bxd4 Qxd4 17. Rd1 Qc3+ 18. Rd2 Nc6 19. Qe3 Qc1+ 20. Ke2 Bxc4+ 21. Kf3 Qxd2 22. Bxc4 Qxe3+ 23. fxe3 Ne5+ 24. Kf2 Nxc4 25. Rc1 b5 26. a4 a6 27. axb5 axb5 28. Rb1 Nd6 29. Rc1+ Kb7 30. Rf1 Kb6 31. Ke2 f5 32. Ra1 Rde8 0-1